| 000 | 00908cam a2200241 4500 | ||
|---|---|---|---|
| 999 |
_c63233 _d63233 |
||
| 005 | 20190115130506.0 | ||
| 008 | 190114b1999 ag ||||| |||| 001 0 spa d | ||
| 020 | _a9507272259 v.1 | ||
| 020 | _a9507273611 v.2 | ||
| 050 | 0 | 4 |
_aHV6010 _bC75 1999 |
| 245 | 0 | 3 |
_aLa criminología del siglo XXI en América Latina / _cCarlos Alberto Elbert , Susana Murillo, Mirtha López Gonzalez, Monica Kalinsky, coordinadores |
| 250 | _aPrimera edición | ||
| 260 |
_aBuenos Aires , Argentina : _bRubinzal - Culzoni Editores, _c1999. |
||
| 300 |
_aV.2 ; _c23 cm. |
||
| 504 | _aIncluye índice | ||
| 651 |
_2lemb _aAmérica Latina _xCriminología _xCongresos y conferencias |
||
| 700 | 1 |
_aMurillo, susana, _ecoordinador |
|
| 700 | 1 |
_aLópez González, Mirtha, _ecoordinador |
|
| 700 | 1 |
_aKalinsky, Mónica, _ecoordinador |
|
| 942 |
_2lcc _cLIB |
||